Loading...
| Current Events | 1 | 10.00 | 0% | 100% | 0% |
| Fine Arts - Classical Music | 2 | 5.00 | 50% | 0% | 0% |
| Fine Arts - Other | 1 | 20.00 | 100% | 100% | 0% |
| Fine Arts - Painting and Sculpture | 1 | 0.00 | 0% | 0% | 0% |
| History - American | 3 | 6.67 | 67% | 0% | 0% |
| History - European | 1 | 10.00 | 100% | 0% | 0% |
| History - Other | 2 | 5.00 | 50% | 0% | 0% |
| History - World | 1 | 10.00 | 100% | 0% | 0% |
| Literature - American | 1 | 0.00 | 0% | 0% | 0% |
| Literature - British | 3 | 6.67 | 67% | 0% | 0% |
| Literature - European | 2 | 10.00 | 100% | 0% | 0% |
| Mythology | 1 | 20.00 | 100% | 100% | 0% |
| Philosophy | 1 | 0.00 | 0% | 0% | 0% |
| Popular Culture | 1 | 20.00 | 100% | 100% | 0% |
| Religion | 1 | 0.00 | 0% | 0% | 0% |
| Science - Biology | 3 | 10.00 | 33% | 33% | 33% |
| Science - Chemistry | 2 | 10.00 | 100% | 0% | 0% |
| Science - Other | 3 | 3.33 | 33% | 0% | 0% |